000 004740000a22001690004500
003 MACL
005 20151222123024.0
008 151222b xxu||||| |||| 00| 0 eng d
040 _aMACL
_cMACL
041 _aEnglish
082 _a610/WOO
100 _aWoods, James Haughton
_921820
245 _aThe Yoga System of Patanjali
_bHarvard Oriental Series Vol 17
260 _bThe Harvard University Press
_c1927
650 _aMedical Science
_921823
942 _cBK
_k610/WOO
_2ddc
999 _c40914
_d40914